header

Culture of human tumor cells (Record no. 105574)

MARC details
000 -LEADER
fixed length control field 03014nam a22003494a 4500
082 04 - DEWEY DECIMAL CLASSIFICATION NUMBER
Classification number 616.99/4027
245 00 - TITLE STATEMENT
Title Culture of human tumor cells
260 ## - PUBLICATION, DISTRIBUTION, ETC. (IMPRINT)
Place of publication Hoboken, N.J. :
Name of publisher Wiley-Liss,
Year of publication c2004.
300 ## - PHYSICAL DESCRIPTION
Number of Pages xvi, 435 p. :
Other physical details ill.
490 1# - SERIES STATEMENT
Series statement Culture of specialized cells
650 #0 - SUBJECT ADDED ENTRY--TOPICAL TERM
Topical Term Cancer cells.
Topical Term Human cell culture.
700 1# - ADDED ENTRY--PERSONAL NAME
Personal name Pfragner, Roswitha.
Personal name Freshney, R. Ian.
856 40 - ELECTRONIC LOCATION AND ACCESS
Uniform Resource Identifier http://site.ebrary.com/lib/rucke/Doc?id=10114021

No items available.

© 2026 Rongo University
Contact us: librarian | system librarian | Rongo university